Measuring behaviour : an introductory guide

Bibliographic Details
Main Authors: Martin, Paul (Author), Bateson, Patrick (Author)
Format: Book
Language:English
Published: New York : Cambridge University Press 2007
Edition:Third edition
Subjects:

MARC

LEADER 00000cam a2200000 7i4500
001 0000019176
005 20241101.0
008 091103s -uka eng
020 |a 9780521535632 
040 |a INS   |b eng   |e rda 
090 0 0 |a BF76.5   |b .M37 2007 
100 1 |a Martin, Paul ,   |e author 
245 1 0 |a Measuring behaviour :   |b an introductory guide   |c Paul Martin, Patrick Bateson 
250 |a Third edition 
264 1 |a New York :   |b Cambridge University Press   |c 2007 
300 |a xi,176 pages :   |b illustrations ;   |c 22 cm. 
336 |a text  |2 rdacontent 
337 |a unmediated  |2 rdamedia 
338 |a volume  |2 rdacarrier 
504 |a Includes bibliographical references and index 
650 0 |a Behavior modification 
650 0 |a Behavioral assessment 
700 1 |a Bateson, Patrick ,   |e author 
999 |a 0000021204   |b BOOK   |c Open Shelf   |e Default branch